[Event "ICS Rated blitz match"]
[Site "207.99.83.227"]
[Date "1999.04.26"]
[Round "?"]
[White "xypher"]
[Black "Hossa"]
[Result "0-1"]
[WhiteElo "2674"]
[BlackElo "2387"]
[PlyCount "137"]

1. d4 Nf6 2. c4 e6 3. Nf3 Be7 4. e3 d5 5. cxd5 exd5 6. Bd3 O-O 7. Nc3 Nc6 8. a3
Bg4 9. O-O Qd6 10. Bd2 Rae8 11. h3 Bh5 12. Bf5 Na5 13. Qa4 Nc4 14. g4 Nxd2 15.
Nxd2 Bg6 16. Bxg6 fxg6 17. Qb3 Qe6 18. g5 Qxh3 19. gxf6 Qg4+ 20. Kh1 Qh5+ 21.
Kg1 Qg5+ 22. Kh1 Qh4+ 23. Kg1 Qg4+ 24. Kh1 Qh5+ 25. Kg1 Qg5+ 26. Kh1 Qh4+ 27.
Kg1 Qg4+ 28. Kh2 Bd6+ 29. f4 Rxe3 30. Qxd5+ Rf7 31. Rf3 Rxf3 32. Qxf3 Bxf4+ 33.
Kh1 Qh4+ 34. Kg2 Qh2+ 35. Kf1 Bxd2 36. Ne4 gxf6 37. Nxd2 Qxd2 38. Qxb7 Qxd4 39.
Re1 h6 40. Qg2 Kg7 41. Re4 Qd1+ 42. Re1 Qd3+ 43. Kf2 f5 44. Re8 Qb5 45. Re2
Qc5+ 46. Kf1 Qc1+ 47. Kf2 Qf4+ 48. Ke1 Qh4+ 49. Kf1 Rd7 50. Qh2 Qxh2 51. Rxh2
Rd1+ 52. Ke2 Rc1 53. Kd2 Rf1 54. Ke2 Rb1 55. Kf3 Rc1 56. Rd2 Kf6 57. Rh2 h5 58.
Ke3 a5 59. Kd4 a4 60. Ke3 Kg5 61. Rd2 c5 62. Kf3 Rf1+ 63. Kg2 Rf4 64. Rc2 c4
65. Kg3 h4+ 66. Kg2 Kh5 67. Rd2 g5 68. Rd7 g4 69. Kh1 {xypher resigns} 0-1

[Event "ICS Rated blitz match"]
[Site "207.99.83.227"]
[Date "1999.04.26"]
[Round "?"]
[White "Hossa"]
[Black "xypher"]
[Result "0-1"]
[WhiteElo "2414"]
[BlackElo "2647"]
[Annotator "Crafty v16.6"]
[PlyCount "165"]

{annotating for player Hossa using a scoring margin of +0.10 pawns. search
time limit is 10.00} 1. Nf3 1... Nf6 2. d4 b6 3. Nbd2 Bb7 4. e3 e6 5. c4 ({
9:-0.23} 5. c4 5... Bd6 6. Bd3 O-O 7. O-O Nc6 8. Ng5 Nb4 9. Be2 $10) ({9:-0.04
} 5. Bd3 5... Be7 6. O-O O-O 7. Ng5 Na6 8. e4 Nb4 9. Bc4 $10) 5... Be7 6. Bd3
O-O 7. e4 ({9:-0.32} 7. e4 7... Na6 8. a3 c5 9. O-O cxd4 10. Nxd4 Nc5 11. Qf3
Nxd3 12. Qxd3 $15) ({9:-0.21} 7. O-O 7... Nc6 8. a3 Bd6 9. Ng5 Rc8 10. Qf3 Qe7
11. Nb3 $10) 7... Nc6 8. e5 ({8:-0.54} 8. e5 8... Nb4 9. Be2 Nh5 10. a3 Nc6 11.
O-O 11... Nf4 $15) ({8:-0.31} 8. a3 8... Ng4 9. O-O Rb8 10. h3 Nf6 11. d5 Na5
12. dxe6 12... dxe6 $15) 8... Nb4 9. Be2 Ne4 10. a3 Na6 11. Nxe4 Bxe4 12. O-O
d6 13. Qb3 c5 14. Qe3 Bxf3 15. Bxf3 cxd4 16. Qxd4 dxe5 17. Qxe5 Rc8 18. Bb7 Rc5
19. Qe2 Nb8 20. Be3 Rc7 21. Be4 Bd6 22. g3 Nc6 23. Rac1 f5 24. Bc2 Qc8 25. Rcd1
Be5 26. Bd3 f4 27. gxf4 Bxf4 28. Bxf4 Rxf4 29. Qh5 g6 30. Qh6 Rg4+ 31. Kh1 Ne5
32. Be2 Re4 33. Rfe1 Qa8 34. Kg1 Rcxc4 35. Kf1 Rxe2 36. Kxe2 Qf3+ 37. Kf1 Qh1+
38. Ke2 Re4+ 39. Kd2 Rxe1 40. Rxe1 Nf3+ 41. Ke2 Nxe1 42. Qe3 Ng2 43. Qxe6+ Kg7
44. Qe7+ Kh6 45. Qf8+ Kh5 46. Qf3+ Kh6 47. Qf8+ Kh5 48. Qf3+ Kg5 49. Qg3+ Kf5
50. Qh3+ Ke5 51. Qxh7 Nf4+ 52. Kd2 Qd5+ 53. Kc1 Qh1+ 54. Kd2 Qe4 55. Qe7+ Kf5
56. Qd7+ Kf6 57. Qd8+ Kg7 58. Qd7+ Kh6 59. Qd8 Qe2+ 60. Kc3 Qf3+ 61. Kc4 Qxf2
62. Qh8+ Kg5 63. Kb3 Qc5 64. Qd8+ Kh5 65. Qh8+ Kg4 66. Ka2 a5 67. Qh7 Qd5+ 68.
Ka1 b5 69. Qh8 Qd1+ 70. Ka2 b4 71. axb4 axb4 72. Qh7 Qa4+ 73. Kb1 b3 74. Qb7
Qa2+ 75. Kc1 Qa1+ 76. Kd2 Qxb2+ 77. Ke3 Qc3+ 78. Ke4 Qf3+ 79. Ke5 Qxb7 80. Kd4
b2 81. Kc3 b1=Q 82. h3+ Kf3 83. Kd4 0-1

[Event "ICS Rated blitz match"]
[Site "207.99.83.227"]
[Date "1999.04.26"]
[Round "?"]
[White "rajah"]
[Black "Hossa"]
[Result "1-0"]
[WhiteElo "2537"]
[BlackElo "2407"]
[Annotator "Crafty v16.6"]
[PlyCount "83"]

{annotating for player Hossa using a scoring margin of +0.10 pawns. search
time limit is 10.00} 1. e4 1... c6 2. d4 d5 3. e5 Bf5 4. Nf3 e6 ({8:-0.75} 4...
e6 5. Bd3 Bg4 6. O-O f6 7. Be2 Nd7 8. Bf4 fxe5 9. Nxe5 Nxe5 10. Bxg4 Nxg4 11.
Qxg4 $16) ({8:-0.50} 4... Nd7 5. Bd3 Bg4 6. h3 Bh5 7. Nc3 c5 8. Bf4 cxd4 9.
Nxd5 $14) 5. Be2 Nd7 6. O-O Be7 ({8:-0.81} 6... Be7 7. Bf4 f6 8. Nc3 g6 9. exf6
Ngxf6 10. Ng5 10... c5 $16) ({8:-0.67} 6... f6 7. Bf4 fxe5 8. Nxe5 Nxe5 9. Bxe5
Nf6 10. Bd3 Bxd3 11. Qxd3 11... Bd6 $14) 7. Nc3 Qb6 8. a4 O-O-O ({9:-1.35} 8...
O-O-O 9. a5 Qc7 10. a6 b6 11. Ng5 Nh6 12. Nf3 12... f6 $16) ({9:-0.81} 8... Qd8
9. Bf4 Bg4 10. a5 f6 11. Bg3 Nf8 12. exf6 Nxf6 13. Ne5 $16) 9. a5 Qc7 10. a6 b5
11. Be3 f6 12. Bf4 Qb6 ({8:-1.17} 12... Qb6 13. exf6 Bxf6 14. Bd6 Ne7 15. Ne5
Bxe5 16. dxe5 Ng6 17. g4 $16) ({8:-0.93} 12... fxe5 13. Nxe5 Bd6 14. Bg5 Bxe5
15. dxe5 Rf8 16. g4 Bg6 17. f4 $16) 13. exf6 Bxf6 14. Re1 Rf8 15. h3 Ne7 16.
Bd6 Rf7 17. b4 g5 18. Qd2 Rg8 19. Bc5 Qb8 20. Bd3 g4 21. hxg4 Bxg4 22. Qe3 Qc7
23. Ra2 Nxc5 24. bxc5 Rfg7 25. g3 b4 26. Ne2 Rf8 27. Rb1 e5 28. dxe5 Bxf3 29.
exf6 Rxf6 30. Rxb4 d4 31. Rxd4 Bxe2 32. Bxe2 Qb8 33. Bc4 Qc7 34. Be6+ Rxe6 35.
Qxe6+ Kb8 36. Rd7 Rxg3+ 37. Kf1 Re3 38. fxe3 Nc8 39. Rb2+ Ka8 40. Rxc7 Ne7 41.
Rxe7 h5 42. Qxc6# 1-0

[Event "ICS Rated blitz match"]
[Site "207.99.83.227"]
[Date "1999.04.26"]
[Round "?"]
[White "Hossa"]
[Black "rajah"]
[Result "1/2-1/2"]
[WhiteElo "2397"]
[BlackElo "2547"]
[PlyCount "167"]

1. d4 e6 2. g3 Nf6 3. Bg2 Nc6 4. Nf3 d5 5. O-O Be7 6. Bf4 O-O 7. Nc3 b6 8. a4
Qd7 9. Qd3 Bb7 10. Rae1 Nb4 11. Qd1 c5 12. Ne5 Qc8 13. Be3 Nc6 14. Nxc6 Qxc6
15. Qd3 c4 16. Qd1 Bb4 17. Qa1 Ne4 18. Bf4 Rad8 19. Rb1 Nxc3 20. bxc3 Ba5 21.
Qa3 f6 22. Rbd1 Rfe8 23. Be3 e5 24. Bh3 Qd6 25. Qa1 Bc8 26. Bg2 Bf5 27. Rd2 Qe6
28. Rfd1 Bh3 29. Bh1 e4 30. Re1 Qc6 31. f3 Bd7 32. fxe4 Qxa4 33. Qxa4 Bxa4 34.
Ra1 b5 35. Ra2 Bxc3 36. Rd1 a5 37. Bg2 Bb4 38. Rc1 c3 39. Rf1 Kh8 40. Rf5 dxe4
41. Kh1 Kg8 42. Rf1 Rd5 43. Rf4 f5 44. g4 fxg4 45. Rxg4 Rd7 46. Kg1 Kh8 47. Rh4
Rd6 48. Rg4 h6 49. Kh1 Rde6 50. Kg1 Bd6 51. Kh1 R8e7 52. Kg1 Bc7 53. Bf2 Bb6
54. e3 Rf7 55. Rxe4 Rxe4 56. Bxe4 Bc7 57. h3 Bh2+ 58. Kg2 Bd6 59. Bd3 g5 60.
Bg3 Bxg3 61. Kxg3 Kg7 62. Ra3 Rc7 63. d5 Rc5 64. e4 Kf6 65. Kg4 Kg7 66. Kh5 Rc8
67. h4 Kf6 68. hxg5+ hxg5 69. Kg4 Rd8 70. Ra1 Rd6 71. Rf1+ Kg7 72. Rf5 b4 73.
Rxg5+ Kh8 74. Re5 Rg6+ 75. Kf4 b3 76. cxb3 Bxb3 77. Re7 Bc4 78. Re8+ Kh7 79.
Bb1 Rg1 80. Rc8 Rf1+ 81. Kg5 Rg1+ 82. Kf4 Rf1+ 83. Kg5 Rg1+ 84. Kf4 {
Game drawn by repetition} 1/2-1/2

[Event "ICS Rated blitz match"]
[Site "207.99.83.227"]
[Date "1999.04.26"]
[Round "?"]
[White "Hossa"]
[Black "SuperChicken"]
[Result "0-1"]
[WhiteElo "2415"]
[BlackElo "2610"]
[Annotator "Crafty v16.6"]
[PlyCount "155"]

{annotating for player Hossa using a scoring margin of +0.10 pawns. search
time limit is 10.00} 1. e4 1... e5 2. Nc3 Bc5 3. Nf3 Nc6 4. Be2 ({8:-0.29} 4.
Be2 4... Nf6 5. O-O O-O 6. Bc4 Qe7 7. Nd5 Nxd5 8. Bxd5 $10) ({8:-0.11} 4. Bb5
4... Nge7 5. Na4 Bd6 6. d4 O-O 7. dxe5 Bxe5 8. O-O $10) 4... Nf6 5. d3 O-O 6.
Bg5 Be7 7. Qd2 Re8 8. O-O Nd4 9. Bd1 ({8:-0.54} 9. Bd1 9... Nxf3+ 10. Bxf3 c5
11. Rfb1 b6 12. Qe2 d6 13. b4 Nd7 14. Bxe7 Qxe7 15. bxc5 15... bxc5 $15) ({
8:+0.21} 9. Nxe5 9... Nxe4 10. dxe4 Nxe2+ 11. Nxe2 Bxg5 12. Qd5 Re6 13. Nd4
13... Re7 $10) 9... d6 10. Be3 ({8:-0.78} 10. Be3 10... Nxf3+ 11. Bxf3 c5 12.
Nd5 Nxd5 13. exd5 Bf5 14. b4 b6 15. bxc5 15... bxc5 $17) ({8:-0.50} 10. b4
10... a5 11. b5 Bd7 12. Rb1 Ng4 13. Bxe7 Qxe7 14. Nxd4 14... exd4 $15) 10... c5
11. Ng5 ({9:-0.83} 11. Ng5 11... Ng4 12. Nd5 Nxe3 13. Nxe7+ Qxe7 14. Qxe3 Ne6
15. Nxe6 Qxe6 16. Bh5 16... Bd7 $17) ({9:-0.65} 11. Bxd4 11... cxd4 12. Nb1 d5
13. exd5 Nxd5 14. Re1 Bf6 15. c4 dxc3 16. Nxc3 16... Bg4 $15) 11... d5 12. f4 (
{7:-0.53} 12. f4 12... exf4 13. Bxf4 dxe4 14. Ncxe4 Nf5 15. Qf2 Nxe4 16. dxe4
16... Nd4 $15) ({7:-0.05} 12. exd5 12... h6 13. Nf3 Qd6 14. Re1 Nxd5 15. Ne4
$10) 12... exf4 13. Bxf4 dxe4 14. Ncxe4 Nxe4 15. Nxe4 Bf5 16. c3 Nc6 17. Bb3
Bg6 18. Rae1 Qd7 19. Bg5 b6 20. Bxe7 Rxe7 21. Qg5 Rae8 22. Qg3 Ne5 23. Rd1 Qc6
24. Ng5 b5 25. d4 c4 26. dxe5 cxb3 27. axb3 Rxe5 28. Nf3 Qc5+ 29. Nd4 b4 30.
Rc1 Re4 31. Rce1 Rd8 32. Kh1 a6 33. Rd1 Rc8 34. Ra1 a5 35. Rf3 Rce8 36. Qf2 Qd6
37. Qg1 R8e5 38. Rg3 bxc3 39. bxc3 Rh5 40. Qf2 Rf4 41. Qe3 Be4 42. Kg1 g6 43.
h3 Rc5 44. Ra2 Rh5 45. Rd2 Qf6 46. Rf2 Rxf2 47. Qxf2 Qe5 48. Rg4 f5 49. Rg3 Qd6
50. Kf1 h6 51. Ke1 f4 52. Rg4 Re5 53. Kd2 g5 54. Qxf4 Bf5 55. h4 Bxg4 56. Qxg4
Kh7 57. hxg5 Rxg5 58. Qe4+ Qg6 59. Qe7+ Qg7 60. Qe4+ Kh8 61. g3 Rxg3 62. Qa8+
Kh7 63. Qxa5 Rg2+ 64. Kd3 Rg5 65. Qd8 Qf7 66. c4 Qf1+ 67. Kd2 Rg2+ 68. Ke3 Rg3+
69. Ke4 Rg4+ 70. Ke3 Qe1+ 71. Ne2 Rg3+ 72. Kd4 Qf2+ 73. Kd5 Rd3+ 74. Kc6 Rxd8
75. Kc7 Qf6 76. c5 Qe7+ 77. Kc6 Qd7+ 78. Kb6 0-1

[Event "ICS Rated blitz match"]
[Site "207.99.83.227"]
[Date "1999.04.26"]
[Round "?"]
[White "rajah"]
[Black "Hossa"]
[Result "0-1"]
[WhiteElo "2539"]
[BlackElo "2407"]
[PlyCount "152"]

1. d4 Nf6 2. c4 d6 3. Nc3 Nbd7 4. Nf3 e5 5. e3 Be7 6. Bd3 O-O 7. O-O c6 8. Bd2
Re8 9. Re1 a5 10. Qe2 exd4 11. exd4 d5 12. cxd5 Bd6 13. Qf1 Nxd5 14. Rxe8+ Qxe8
15. Nxd5 cxd5 16. Re1 Qd8 17. Bg5 f6 18. Qe2 Nf8 19. Be3 Bg4 20. h3 Be6 21. Nh4
Qd7 22. f4 Rc8 23. f5 Bf7 24. Bb5 Qd8 25. Qg4 Kh8 26. Re2 Qc7 27. Bd3 Re8 28.
Bd2 Rxe2 29. Qxe2 Bh2+ 30. Kh1 Bg3 31. Nf3 Bh5 32. Qe3 Bd6 33. Be2 a4 34. b3
axb3 35. Qxb3 Bf7 36. Qc3 Qe7 37. Bb5 Kg8 38. a4 Qd8 39. a5 Nd7 40. Qb3 Qc7 41.
Ba4 Nb8 42. Qb6 Na6 43. Bb5 Bh5 44. Bxa6 Qxb6 45. axb6 bxa6 46. b7 Bxf3 47.
gxf3 Kf7 48. h4 Ke8 49. Bb4 Bf4 50. Bc5 a5 51. Kg2 a4 52. Kh3 Bc7 53. h5 Kd7
54. Kh4 Kc6 55. h6 gxh6 56. Kh5 Kxb7 57. Kxh6 Bb6 58. Ba3 Bxd4 59. Kh5 Be3 60.
Kg4 d4 61. f4 d3 62. Kf3 d2 63. Ke2 h5 64. Bb4 h4 65. Bxd2 Bxd2 66. Kxd2 h3 67.
Kc3 h2 68. Kc2 h1=Q 69. Kd2 Qf3 70. Kc1 Qd3 71. Kb2 Qd2+ 72. Ka3 Qxf4 73. Kb2
Qd2+ 74. Ka3 Qc2 75. Kb4 Kb6 76. Ka3 76... Qb3# {rajah checkmated} 0-1

[Event "ICS Rated blitz match"]
[Site "207.99.83.227"]
[Date "1999.04.26"]
[Round "?"]
[White "lakerda"]
[Black "Hossa"]
[Result "0-1"]
[WhiteElo "2269"]
[BlackElo "2429"]
[PlyCount "79"]

1. e4 e5 2. Nf3 Nc6 3. Bb5 a6 4. Bxc6 dxc6 5. O-O Bg4 6. h3 Bh5 7. d3 Qf6 8.
Nbd2 O-O-O 9. Qe2 Bc5 10. g4 Bg6 11. Nc4 Qe6 12. Ncxe5 f6 13. Nc4 h5 14. Nh4
Bf7 15. Nf5 g6 16. Nfe3 hxg4 17. Qxg4 Rxh3 18. Qxe6+ Bxe6 19. Kg2 Re8 20. Bd2
b5 21. Na5 Ne7 22. Rh1 Rxh1 23. Rxh1 f5 24. f3 fxe4 25. fxe4 Bd4 26. c3 Be5 27.
Nb3 g5 28. Nc5 Ng6 29. Nxe6 Rxe6 30. Nf5 g4 31. d4 Bf4 32. Bxf4 Nxf4+ 33. Kg3
Rxe4 34. Kxg4 Nd3+ 35. Kg5 Nxb2 36. Rh8+ Kb7 37. Rh3 Re2 38. Kf4 Nc4 39. a4
bxa4 40. Kf3 {lakerda resigns} 0-1

[Event "ICS Rated blitz match"]
[Site "207.99.83.227"]
[Date "1999.04.26"]
[Round "?"]
[White "Hossa"]
[Black "lakerda"]
[Result "1-0"]
[WhiteElo "2438"]
[BlackElo "2260"]
[PlyCount "90"]

1. d4 Nf6 2. Nf3 g6 3. Nc3 Bg7 4. e4 d6 5. Bb5+ c6 6. Be2 O-O 7. Bg5 Nbd7 8.
Qd3 Qc7 9. O-O-O b5 10. Rdg1 b4 11. Nd1 c5 12. d5 a5 13. Ne3 Re8 14. Nc4 Nb6
15. Nxb6 Qxb6 16. Nd2 Nd7 17. Nc4 Qc7 18. h4 h6 19. Be3 Ba6 20. Qd2 Kh7 21. h5
g5 22. f4 f6 23. fxg5 fxg5 24. Rf1 Bxc4 25. Bxc4 Ne5 26. Bb5 Rf8 27. Kb1 c4 28.
Rxf8 Rxf8 29. Qd4 Ng4 30. Qb6 Rc8 31. Qxc7 Rxc7 32. Bg1 c3 33. b3 Be5 34. Ba6
Nf6 35. Bb6 Rd7 36. Bc8 Kg7 37. Bxd7 Nxd7 38. Bxa5 Nc5 39. Bxb4 Nxe4 40. Rh3 g4
41. Rd3 Kf6 42. Ba5 Kg5 43. Bb6 Kxh5 44. a4 Nc5 45. Re3 45... Kg5 {
lakerda resigns} 1-0

[Event "ICS rated blitz match"]
[Site "207.99.83.227"]
[Date "1999.04.26"]
[Round "?"]
[White "lakerda"]
[Black "Hossa"]
[Result "0-1"]
[WhiteElo "2252"]
[BlackElo "2446"]
[PlyCount "22"]

1. d4 Nf6 2. e3 g6 3. Nf3 Bg7 4. Bd3 O-O 5. Nbd2 Nc6 6. b3 d6 7. Bb2 Nb4 8. Be2
Bf5 9. O-O Bxc2 10. Qc1 Bf5 11. Qc3 11... a5 {lakerda resigns} 0-1

[Event "ICS Rated blitz match"]
[Site "207.99.83.227"]
[Date "1999.04.26"]
[Round "?"]
[White "Hossa"]
[Black "lakerda"]
[Result "1-0"]
[WhiteElo "2454"]
[BlackElo "2244"]
[PlyCount "91"]

1. d4 d6 2. e4 e5 3. dxe5 dxe5 4. Qxd8+ Kxd8 5. Nf3 Nc6 6. Bc4 Be6 7. Bxe6 fxe6
8. O-O Bd6 9. Rd1 Ke7 10. Nbd2 Nf6 11. c3 Rad8 12. b4 Nd7 13. Nc4 h6 14. b5
Ncb8 15. Be3 b6 16. a4 a5 17. Rd3 g5 18. Rad1 Nc5 19. Bxc5 Bxc5 20. Ncxe5 Rxd3
21. Rxd3 Rd8 22. Rxd8 Kxd8 23. Nf7+ Ke7 24. Nxh6 g4 25. Ne5 Bd6 26. Nhxg4 Bxe5
27. Nxe5 Kd6 28. f4 c6 29. bxc6 Nxc6 30. Nxc6 Kxc6 31. g4 b5 32. axb5+ Kxb5 33.
f5 Kc6 34. f6 Kd7 35. c4 a4 36. c5 a3 37. c6+ Kxc6 38. f7 a2 39. f8=Q a1=Q+ 40.
Kg2 Qe5 41. Qc8+ Kb5 42. Qb7+ Kc4 43. h4 Qf4 44. Qa6+ Kd4 45. Qe2 Qe5 46. g5 {
lakerda resigns} 1-0

[Event "ICS Rated blitz match"]
[Site "207.99.83.227"]
[Date "1999.04.26"]
[Round "?"]
[White "rajah"]
[Black "Hossa"]
[Result "1/2-1/2"]
[WhiteElo "2519"]
[BlackElo "2461"]
[PlyCount "193"]

1. e4 c5 2. Nc3 Nc6 3. Nge2 e5 4. g3 Nf6 5. Bg2 Be7 6. Nd5 Nxd5 7. exd5 Nd4 8.
Nxd4 cxd4 9. O-O O-O 10. d3 d6 11. f4 f6 12. Bd2 Bd7 13. fxe5 fxe5 14. Rxf8+
Qxf8 15. Qe2 Qc8 16. c4 dxc3 17. Bxc3 Qc5+ 18. Kh1 Bf6 19. Rf1 Rf8 20. Qe4 Qb6
21. Rf3 a5 22. Qc4 Rf7 23. b4 a4 24. Bd2 Qd8 25. b5 Qb6 26. Qxa4 Qxb5 27. Qxb5
Bxb5 28. Bb4 Be7 29. Rxf7 Kxf7 30. Be4 g6 31. Bc3 Bf6 32. Ba5 Be8 33. Bb6 Ke7
34. h4 Kd7 35. a4 Bd8 36. a5 Bxb6 37. axb6 Kd8 38. g4 h6 39. g5 hxg5 40. hxg5
Ke7 41. Kg1 Kf7 42. Kf2 Ba4 43. Ke3 Bc2 44. Kd2 Ba4 45. Kc3 Bd7 46. d4 exd4+
47. Kxd4 Bf5 48. Bf3 Ke7 49. Ke3 Kf7 50. Be2 Kg7 51. Bc4 Kf7 52. Bb5 Ke7 53.
Ba6 Bc8 54. Bd3 Kf7 55. Ke2 Bg4+ 56. Kf2 Bc8 57. Ke1 Bg4 58. Bb5 Bf5 59. Ba6
Bc8 60. Bc4 Bh3 61. Kd1 Bg2 62. Kd2 Be4 63. Kc3 Kg8 64. Kd4 Bf5 65. Ba6 Bc8 66.
Bb5 Bf5 67. Ke3 Kg7 68. Kf3 Kf7 69. Ke2 Kf8 70. Ba6 Bg4+ 71. Ke1 Bc8 72. Bc4
Bf5 73. Ke2 Kg7 74. Ba6 Bg4+ 75. Kd2 Bc8 76. Bc4 Bf5 77. Bb5 Kf7 78. Kd1 Ke7
79. Ba6 Bc8 80. Bd3 Kf7 81. Bb5 Bg4+ 82. Kc1 Kg7 83. Kd2 Kf7 84. Ke3 Bf5 85.
Kf4 Kg7 86. Ba6 Bc8 87. Bc4 Bf5 88. Kf3 Kf7 89. Ba6 Bc8 90. Bd3 Bd7 91. Kg2 Bf5
92. Bxf5 gxf5 93. Kf3 Kg7 94. Ke3 Kf7 95. Kf3 Kg7 96. Ke3 Kf7 97. Kf3 {
Game drawn by repetition} 1/2-1/2

[Event "ICS Rated blitz match"]
[Site "207.99.83.227"]
[Date "1999.04.26"]
[Round "?"]
[White "Hossa"]
[Black "JudgeTurpin"]
[Result "0-1"]
[WhiteElo "2452"]
[BlackElo "2562"]
[Annotator "Crafty v16.6"]
[PlyCount "134"]

{annotating for player Hossa using a scoring margin of +0.10 pawns. search
time limit is 10.00} 1. Nf3 1... d5 2. c4 dxc4 3. Na3 Nf6 4. Nxc4 e6 5. e3 Ne4
6. Be2 Nc6 7. O-O ({8:+0.33} 7. O-O 7... Be7 8. d3 Nf6 9. Nce5 Nxe5 10. Nxe5
O-O 11. Bd2 $14) ({8:+0.67} 7. Qc2 7... Nd6 8. O-O Be7 9. Nxd6+ Qxd6 10. Bd3
Bd7 11. Be4 11... O-O-O $14) 7... Bd7 8. Nce5 Nxe5 9. Nxe5 Bd6 10. Nxd7 Qxd7
11. Bf3 f5 12. d3 Nc5 13. d4 Ne4 14. Bxe4 fxe4 15. Qg4 O-O 16. Qxe4 c5 17. d5
Rae8 18. Qg4 Qb5 19. Rd1 exd5 20. Rxd5 Qc6 21. Rf5 Rxf5 22. Qxf5 Bc7 23. Qh5
Rd8 24. f4 c4 25. a4 Qe4 26. Qg4 Qc2 27. h3 Rd1+ 28. Kh2 Bd8 29. Qe6+ Kf8 30.
Qc8 Ke8 31. Qxb7 Rxc1 32. Rxc1 Qxc1 33. Qxg7 Qxe3 34. Qg8+ Kd7 35. Qxh7+ Kd6
36. Qg6+ Qe6 37. Qc2 Bb6 38. g3 Qd5 39. Qc3 Qd4 40. Qb4+ Ke6 41. h4 Qg1+ 42.
Kh3 Qh1+ 43. Kg4 Qd5 44. Qe1+ Kf7 45. Qf1 Bd4 46. Qb1 Qe6+ 47. f5 Qe2+ 48. Kh3
Bxb2 49. Qg1 Kf6 50. Qxa7 c3 51. Qd4+ Kxf5 52. g4+ Ke6 53. Qb6+ Kd5 54. Qa5+
Ke4 55. Qb4+ Kf3 56. Qf8+ Ke3 57. Qc5+ Kd2 58. Qb4 Kd1 59. Qd4+ Ke1 60. a5 Qf3+
61. Kh2 Qf2+ 62. Qxf2+ Kxf2 63. Kh3 c2 64. g5 Kf3 65. a6 c1=Q 66. Kh2 Be5+ 67.
Kh3 Qf1# 0-1

[Event "ICS Rated blitz match"]
[Site "207.99.83.227"]
[Date "1999.04.26"]
[Round "?"]
[White "champman"]
[Black "Hossa"]
[Result "1/2-1/2"]
[WhiteElo "2074"]
[BlackElo "2441"]
[PlyCount "102"]

1. e4 e6 2. d4 d5 3. exd5 exd5 4. Nf3 Nf6 5. Bd3 Bb4+ 6. c3 Bd6 7. O-O O-O 8.
Bg5 Re8 9. Nbd2 h6 10. Bh4 Nbd7 11. Re1 Rxe1+ 12. Qxe1 c6 13. Bg3 Bxg3 14. hxg3
Qb6 15. Nb3 a5 16. Rb1 Qd8 17. Ne5 Qe7 18. Nxd7 Qxd7 19. Nc5 Qd8 20. Bc2 b6 21.
Nd3 Ra7 22. Ne5 Re7 23. Qd2 Qc7 24. Re1 c5 25. Nf3 Rxe1+ 26. Qxe1 Be6 27. Qe5
Qxe5 28. Nxe5 Bd7 29. Bb3 Be8 30. f3 c4 31. Bc2 b5 32. Kf2 Bd7 33. Ke3 h5 34.
Kf4 Kf8 35. Bf5 Bxf5 36. Kxf5 Ke8 37. g4 hxg4 38. Nxg4 Nxg4 39. Kxg4 f6 40. Kf5
Kf7 41. g4 g5 42. f4 gxf4 43. Kxf4 Kg6 44. a3 a4 45. Kf3 Kg5 46. Kg3 f5 47.
gxf5 Kxf5 48. Kf3 Kg5 49. Kg3 Kf5 50. Kf3 Kg5 51. Kg3 51... Kf5 {
Game drawn by repetition} 1/2-1/2

[Event "ICS Rated blitz match"]
[Site "207.99.83.227"]
[Date "1999.04.26"]
[Round "?"]
[White "Hossa"]
[Black "JudgeTurpin"]
[Result "0-1"]
[WhiteElo "2428"]
[BlackElo "2593"]
[Annotator "Crafty v16.6"]
[PlyCount "125"]

{annotating for player Hossa using a scoring margin of +0.10 pawns. search
time limit is 10.00} 1. d4 1... d5 2. e3 Nf6 3. Bd3 ({8:-0.29} 3. Bd3 3... e6
4. Nf3 Bd6 5. O-O O-O 6. Nbd2 6... Nc6 $10) ({8:-0.13} 3. Nf3 3... e6 4. Bb5+
Bd7 5. Bxd7+ Nfxd7 6. c4 dxc4 7. Qa4 Nc6 8. Qxc4 $10) 3... Bg4 4. Be2 ({8:-0.32
} 4. Be2 4... Qd7 5. Bxg4 Qxg4 6. Qxg4 Nxg4 7. Nc3 e6 8. f3 8... Nf6 $15) ({
8:+0.02} 4. Ne2 4... Qd7 5. O-O Nc6 6. c4 Nb4 7. Nbc3 O-O-O 8. cxd5 Nxd3 9.
Qxd3 9... Nxd5 $10) 4... Bxe2 5. Nxe2 e6 6. O-O ({8:-0.28} 6. O-O 6... Bd6 7.
c4 Ng4 8. Nf4 Qh4 9. h3 Bxf4 10. exf4 $10) ({8:-0.07} 6. Qd3 6... c6 7. Nd2 Bd6
8. c4 Ng4 9. cxd5 exd5 10. Ng3 $10) 6... c5 7. Nd2 ({8:+0.11} 7. Nd2 7... cxd4
8. Nxd4 Bd6 9. c4 O-O 10. Qb3 Qd7 11. Qd3 $10) ({8:+0.53} 7. c4 7... dxc4 8.
Qa4+ Nc6 9. Qxc4 cxd4 10. Nxd4 Nxd4 11. exd4 Qd5 12. Nd2 Qxc4 13. Nxc4 $14)
7... Nc6 8. c4 cxd4 9. Nxd4 Nxd4 10. exd4 b6 11. Qa4+ Qd7 12. Qxd7+ Kxd7 13. b3
Bd6 14. Bb2 Rac8 15. Rac1 Bf4 16. Rfd1 Ne4 17. Bc3 g5 18. Rc2 Nxc3 19. Rxc3 g4
20. a3 Bd6 21. b4 dxc4 22. Nxc4 Ke7 23. b5 Rhd8 24. Rdd3 h6 25. g3 Rc7 26. f3
Rdc8 27. Nxd6 Kxd6 28. Rxc7 Rxc7 29. fxg4 Kd5 30. Kg2 Kc4 31. Rf3 Kxb5 32. Rf6
Kc4 33. h4 Kxd4 34. Rxh6 Rc2+ 35. Kh3 Ke5 36. g5 Rc7 37. g6 fxg6 38. Rxg6 Rc3
39. a4 Ra3 40. Rg5+ Kf6 41. Rg4 e5 42. Re4 Kf5 43. Rc4 e4 44. Rb4 Ra1 45. g4+
Kf4 46. Kg2 Ra2+ 47. Kh3 Ra3+ 48. Kh2 Kf3 49. g5 Ra2+ 50. Kh3 Ra1 51. Rb3+ e3
52. Rxe3+ Kxe3 53. Kg2 Rxa4 54. Kg3 Ke4 55. Kg4 Ke5+ 56. Kg3 Kf5 57. h5 Kxg5
58. Kf2 Re4 59. h6 Kxh6 60. Kf3 Re8 61. Kf4 a5 62. Kf5 b5 63. Kf4 0-1

[Event "ICS rated blitz match"]
[Site "207.99.83.227"]
[Date "1999.04.26"]
[Round "?"]
[White "Hossa"]
[Black "rb"]
[Result "1-0"]
[WhiteElo "2419"]
[BlackElo "2268"]
[PlyCount "123"]

1. e4 e5 2. Nc3 Nf6 3. Nf3 Nc6 4. Bb5 a6 5. Bxc6 dxc6 6. Nxe5 Bc5 7. Nf3 Bg4 8.
d3 Qe7 9. O-O O-O-O 10. Be3 Rhe8 11. Bxc5 Qxc5 12. Re1 Qb6 13. Rb1 Be6 14. Qc1
Ng4 15. d4 h6 16. a3 Nf6 17. Na4 Qa7 18. Qf4 Nh5 19. Qe3 Nf6 20. Nc5 Nd7 21.
Nxe6 Rxe6 22. c4 Rde8 23. e5 Rg6 24. b4 Rg4 25. Qd3 g6 26. g3 c5 27. bxc5 Rd8
28. Qe3 Nxc5 29. dxc5 Rxc4 30. c6 Qxe3 31. cxb7+ Kb8 32. Rxe3 Rc6 33. Kg2 Rb6
34. Rxb6 cxb6 35. e6 fxe6 36. Rxe6 Kxb7 37. Rxg6 Rd3 38. Rxh6 Rxa3 39. g4 b5
40. g5 Rc3 41. g6 Rc8 42. Nd4 Rd8 43. Rh7+ Kb6 44. Nf5 Kc5 45. Ne7 Rd4 46. Kf3
Rd3+ 47. Kf4 Rd4+ 48. Kg3 Rd3+ 49. Kh4 Rd4+ 50. Kg5 a5 51. g7 Rd1 52. Nf5 Rg1+
53. Ng3 a4 54. g8=Q Kb4 55. Qd5 Ka3 56. Qxb5 Rb1 57. Qc5+ Ka2 58. Ra7 Kb3 59.
Qb5+ Kc3 60. Rc7+ Kd4 61. Qc5+ Kd3 62. Qe3# {rb checkmated} 1-0

[Event "ICS Rated blitz match"]
[Site "207.99.83.227"]
[Date "1999.04.26"]
[Round "?"]
[White "rb"]
[Black "Hossa"]
[Result "0-1"]
[WhiteElo "2259"]
[BlackElo "2428"]
[PlyCount "148"]

1. e4 c5 2. Nf3 d6 3. d4 cxd4 4. Nxd4 Nf6 5. Nc3 e6 6. g4 Be7 7. g5 Nfd7 8. h4
Nc6 9. Be3 O-O 10. Qd2 Nxd4 11. Qxd4 f5 12. Bc4 Ne5 13. O-O-O Nf3 14. Qd3 fxe4
15. Qxe4 Ne5 16. Bb3 Qd7 17. f4 Nf7 18. g6 hxg6 19. Ba4 Qc7 20. Qxg6 Nh6 21.
Rhg1 Nf5 22. Bd4 Bxh4 23. Nb5 Qf7 24. Nxd6 Qxg6 25. Rxg6 Nxd4 26. Rxd4 Bf2 27.
Re4 Rxf4 28. Rxf4 Be3+ 29. Kb1 Bxf4 30. Ne8 Bh6 31. Nc7 Rb8 32. Rg4 e5 33. Bb3+
Kh8 34. Ra4 a6 35. Rb4 a5 36. Rb5 a4 37. Bd5 Be3 38. Be4 Bf4 39. Na6 Bd7 40.
Rxb7 Rxb7 41. Bxb7 g5 42. Nc5 Bb5 43. b3 axb3 44. cxb3 Be3 45. Ne4 g4 46. a4
Bd7 47. Kb2 Kg7 48. Kc3 Kh6 49. Nf6 Be6 50. Kd3 Bg5 51. Bd5 Bf5+ 52. Ne4 g3 53.
Ke2 Bg4+ 54. Ke1 Bf3 55. Nf6 g2 56. Kf2 Be3+ 57. Kxf3 g1=Q 58. Ng4+ Kg7 59.
Nxe3 Qh1+ 60. Ke2 e4 61. Kd2 Qh2+ 62. Kd1 Qf2 63. Nc2 e3 64. Nxe3 Qxe3 65. Kc2
Kf6 66. Bc4 Qe1 67. Kb2 Ke7 68. Kc2 Kd6 69. Kb2 Qd2+ 70. Kb1 Ke5 71. Ba6 Kd4
72. Bd3 Kc3 73. Bc2 Qxc2+ 74. Ka1 74... Qb2# {rb checkmated} 0-1

[Event "ICS Rated blitz match"]
[Site "207.99.83.227"]
[Date "1999.04.26"]
[Round "?"]
[White "rajah"]
[Black "Hossa"]
[Result "1-0"]
[WhiteElo "2494"]
[BlackElo "2429"]
[PlyCount "45"]

1. d4 Nf6 2. c4 g6 3. Nc3 Bg7 4. e4 O-O 5. f4 d6 6. Nf3 c5 7. dxc5 dxc5 8. Bd3
Nc6 9. e5 Nb4 10. Bb1 Qxd1+ 11. Nxd1 Nh5 12. Nf2 Bh6 13. g3 Bf5 14. a3 Bxb1 15.
axb4 Bc2 16. g4 Nxf4 17. g5 Ng2+ 18. Kf1 Bg7 19. bxc5 Nh4 20. Nxh4 Bxe5 21. Nf3
Bg7 22. Kg2 a6 23. Re1 {Hossa resigns} 1-0